000 01066cam a2200301 a 4500
999 _c331701
_d331701
001 17986989
003 NUST
005 20171016113830.0
008 140103r18972009pk b 000 0 eng c
010 _a 2013344112
020 _a9789693507546
020 _a9693507541
035 _a(OCoLC)ocn839672895
040 _aCOO
_beng
_cCOO
_dOCLCO
_dDLC
042 _apcc
_alcode
043 _aa-ii---
050 0 0 _aDS392.N67
_bM55 2009
082 _a954.912
_bMIL
100 1 _aMills, H. Woosnam.
_95470
245 1 4 _aThe Pathan revolt in North-west India /
_cH. Woosnam Mills.
260 _aLahore, Pakistan :
_bSang-e-Meel Publications,
_c2009.
300 _aii, 191 p. :
_bmaps ;
_c22 cm.
500 _aReprint : Orginally published : Lahore : Civil and Military Gazette Press, 1897.
650 0 _aPushtuns.
_93930
651 0 _aKhyber Pakhtunkhwa (Pakistan)
_xHistory.
_93865
651 0 _aIndia
_xHistory
_yBritish occupation, 1765-1947.
_93825
906 _a7
_bcbc
_cpccadap
_d3
_encip
_f20
_gy-gencatlg
942 _2ddc
_cBK